| Tag |
First Indicator |
Second Indicator |
Subfields |
| LEADER |
00000cam a2200000 a 4500 |
| 001 |
in00001088549 |
| 005 |
20150929193510.0 |
| 008 |
920527s1992 nyua b 000 0 eng |
| 010 |
|
|
|a 92020891
|
| 020 |
|
|
|a 0815307748 (alk. paper)
|
| 035 |
|
|
|a (OCoLC)26053581
|
| 035 |
|
|
|9 AFT0757AM
|
| 040 |
|
|
|a DLC
|c DLC
|d TXA
|d UtOrBLW
|
| 049 |
|
|
|a TXAM
|
| 050 |
0 |
0 |
|a BX9750.S44
|b D43 1992
|
| 082 |
0 |
0 |
|a 289.9/6
|2 20
|
| 100 |
1 |
|
|a Dean, Roger Allen.
|
| 245 |
1 |
0 |
|a Moonies :
|b a psychological analysis of the Unification Church /
|c Roger A. Dean.
|
| 264 |
|
1 |
|a New York :
|b Garland,
|c 1992.
|
| 300 |
|
|
|a vii, 201 pages :
|b illustrations ;
|c 24 cm.
|
| 336 |
|
|
|a text
|b txt
|2 rdacontent
|
| 337 |
|
|
|a unmediated
|b n
|2 rdamedia
|
| 338 |
|
|
|a volume
|b nc
|2 rdacarrier
|
| 490 |
1 |
|
|a Cults and nonconventional religious groups
|
| 500 |
|
|
|a Originally presented as the author's thesis (doctoral).
|
| 504 |
|
|
|a Includes bibliographical references (pages 196-201).
|
| 610 |
2 |
0 |
|a Unification Church.
|
| 650 |
|
0 |
|a Cults
|x Psychology.
|
| 830 |
|
0 |
|a Cults and nonconventional religious groups.
|
| 999 |
|
|
|a MARS
|
| 999 |
f |
f |
|s dfcbb7ff-b582-3ce4-9b73-d911fe8b70a6
|i 6a459e06-8783-3bd2-a9b5-3390851b5d7a
|t 0
|
| 952 |
f |
f |
|p normal
|a Texas A&M University
|b College Station
|c Sterling C. Evans Library
|d Evans: Library Stacks
|t 0
|e BX9750.S44 D43 1992
|h Library of Congress classification
|i unmediated -- volume
|m A14816622671
|
| 998 |
f |
f |
|a BX9750.S44 D43 1992
|t 0
|l Evans: Library Stacks
|